Territorien der Welt - Statistiken

Allgemein
  • Dieses Quiz wurde 373 mal gespielt
  • Das Durchschnittsergebnis liegt bei 26 aus 50
Antworten auf der Karte
Die Antworten werden auf der Karte rot bzw. grün angezeigt, abhängig davon wie oft sie richtig erraten wurden.
 
Antwortstatistiken
Land % Korrekt
Grönland
78%
Färöer
75%
Falklandinseln
69%
Palästina
67%
Bermuda
66%
Guam
62%
Amerikanische Jungferninseln
60%
Britische Jungferninseln
60%
Französisch- Polynesien
60%
Isle of Man
60%
Svalbard und Jan Mayen
60%
Hongkong
58%
Curaçao
57%
Gibraltar
57%
Jersey
57%
Weihnachtsinsel
57%
Aruba
56%
Puerto Rico
56%
Nordzypern
55%
Französisch- Guayana
54%
Neukaledonien
54%
Guernsey
53%
St. Helena, Ascension und Tristan da Cunha
53%
Abchasien
52%
Réunion
52%
Nördliche Marianen
50%
Amerikanisch- Samoa
49%
Cookinseln
49%
Guadeloupe
49%
Macau
49%
Martinique
49%
Somaliland
49%
Transnistrien
49%
Saint Martin
47%
Sint Maarten
47%
Niue
46%
Kaiman-Inseln
44%
Karibische Niederlande
43%
Montserrat
43%
Pitcairninseln
43%
Südossetien
43%
Anguilla
41%
Turks- und Caicosinseln
41%
Kokosinseln
40%
Mayotte
40%
Norfolkinsel
37%
Saint-Pierre und Miquelon
34%
Tokelau
32%
Wallis und Futuna
31%
Saint Barthélemy
28%
Keine übereinstimmenden Quizze gefunden
Verteilung der Resultate
Anzahl Personen mit jedem Resultat
Perzentil nach korrekt beantworteten Fragen
Ihre Resultats-Entwicklung
Sie haben dieses Quiz noch nicht gespielt